| 000 -LEADER | |
|---|---|
| fixed length control field | 00569nam a22001817a 4500 |
| 005 - DATE AND TIME OF LATEST TRANSACTION | |
| control field | 20251204165237.0 |
| 008 - FIXED-LENGTH DATA ELEMENTS--GENERAL INFORMATION | |
| fixed length control field | 250909b |||||||| |||| 00| 0 eng d |
| 020 ## - INTERNATIONAL STANDARD BOOK NUMBER | |
| ISBN | 978-93-85891-82-3 |
| 041 ## - LANGUAGE CODE | |
| Language code of text/sound track or separate title | eng |
| 082 ## - DEWEY DECIMAL CLASSIFICATION NUMBER | |
| Classification number | 651.5 MOG-M |
| 100 ## - MAIN ENTRY--AUTHOR NAME | |
| Personal name | MOGLI, G.D. |
| 245 ## - TITLE STATEMENT | |
| Title | MEDICAL RECOEDS ORGANIZATION AND MANGEMENT : GUIDE TO HEALTH RECORDS , SOFTWARE INSURENCE AND LEGAL MANAGEMENT [ 2ND ED. ] |
| 250 ## - EDITION STATEMENT | |
| Edition statement | 2ND ED. 2016 |
| 260 ## - PUBLICATION, DISTRIBUTION, ETC. (IMPRINT) | |
| Place of publication | NEW DELHI |
| Name of publisher | JAYPEE BROTHERS M. P. LTD |
| Year of publication | 2016 |
| 300 ## - PHYSICAL DESCRIPTION | |
| Number of Pages | 607;P |
| 650 ## - SUBJECT ADDED ENTRY--TOPICAL TERM | |
| Topical Term | PARAMEDICAL |
| General subdivision | BMLT/BMIRT |
| 942 ## - ADDED ENTRY ELEMENTS (KOHA) | |
| Koha item type | Books |
| Lost status | Damaged status | Collection code | Home library | Current library | Date acquired | Source of acquisition | Cost, normal purchase price | Full call number | Accession Number | Koha item type | Shelving location | Serial Enumeration / chronology |
|---|---|---|---|---|---|---|---|---|---|---|---|---|
| PARAMEDICAL | JRU Library | JRU Library | 09/09/2025 | PURCHASE | 1375.00 | 651.5 | 28816 | Books | ||||
| PARAMEDICAL | JRU Library | JRU Library | 09/09/2025 | PURCHASE | 1375.00 | 651.5 | 28817 | Books | SHELF-106-A | |||
| PARAMEDICAL | JRU Library | JRU Library | 08/10/2025 | PURCHASE | 1375.00 | 651.5 MOG-M | 28992 | Books | SHELF-106-A | LBI/000780. DATE-4-10-2025 | ||
| PARAMEDICAL | JRU Library | JRU Library | 08/10/2025 | PURCHASE | 1375.00 | 651.5 MOG-M | 28993 | Books | SHELF-106-A | LBI/000780. DATE-4-10-2025 | ||
| PARAMEDICAL | JRU Library | JRU Library | 08/10/2025 | PURCHASE | 1375.00 | 651.5 MOG-M | 28994 | Books | SHELF-106-A | LBI/000780. DATE-4-10-2025 | ||
| PARAMEDICAL | JRU Library | JRU Library | 01/12/2025 | PURCHASE | 1325.00 | 651.5 MOG-M | 29233 | Books | SHELF-106-A | LBI-000811/28-11-2025 | ||
| PARAMEDICAL | JRU Library | JRU Library | 01/12/2025 | PURCHASE | 1325.00 | 651.5 MOG-M | 29234 | Books | SHELF-106-A | LBI-000811/28-11-2025 | ||
| PARAMEDICAL | JRU Library | JRU Library | 01/12/2025 | PURCHASE | 1325.00 | 651.5 MOG-M | 29235 | Books | SHELF-106-A | LBI-000811/28-11-2025 |